000 00983nam a2200193 i 4500
001 93422
003 ES-MaACL
005 20250819081313.0
007 t|
008 050526q19301939sp ||||1| spa d
245 0 0 _aLibro de oro del Partido Republicano Radical
_b: historia de la organización desde su iniciación en los partidos republicanos históricos hasta el 31 de diciembre de 1934, siendo en esta fecha Presidente de la República D. Niceto Alcalá-Zamora y Jefe del Gobierno D. Alejandro Lerroux /
_cdirector literario Antonio Marsá Bragado ... Promotor y uno de los redactores políticos... Bernardo Izcaray Calzada.
260 _aMadrid :
_b[s.n.,
_c193-?] (
_fSucesores de Rivadeneyra)
300 _a572 p. :
_bil. ;
_c35 cm.
610 2 4 _aPartido Republicano Federal (España. 1930)
_96150
700 1 _aIzcaray Calzada, Bernardo.
_965687
700 1 _aMarsá Bragado, Antonio.
_977099
852 _aES-MaACL
_jF-15799
_bR.20218
999 _c93422
_d93422